000 00734nam a2200265Ia 4500
003 OSt
005 20220927105547.0
006 a|||||r|||| 00| 0
007 ta
008 220926b |||||||| |||| 00| 0 eng d
024 _a176936
037 _cReference Collections
040 _aRTL
_cRTL
_beng
041 _2eng
_aeng
082 _a"m1N45.N96, N6.18-2/UN"
110 _aUNITED NATIONS
245 0 _aUNDOC
_b Current index.
260 _aNew
_bYork` United Nations
_c1996
300 _a491p.
_ccm.
490 _v"Vol.18, No. 2"
500 _aDocuments and Publications; Part 1
700 _aUNITED NATIONS
942 _h"m1N45.N96, N6.18-2/UN"
_cCC
999 _c693094
_d693094